| Tag |
First Indicator |
Second Indicator |
Subfields |
| LEADER |
00000cam a2200000Ii 4500 |
| 001 |
in00003970430 |
| 005 |
20180430075531.0 |
| 008 |
171103s2017 gw a 000 1 ger d |
| 016 |
7 |
|
|a 1133032788
|2 GyFmDB
|
| 020 |
|
|
|a 9783867363853
|q (pbk.)
|
| 020 |
|
|
|a 3867363854
|q (pbk.)
|
| 024 |
3 |
|
|a 9783867363853
|
| 035 |
|
|
|a (OCoLC)on1009523858
|
| 035 |
|
|
|a (OCoLC)1009523858
|
| 040 |
|
|
|a OHX
|b eng
|e rda
|c OHX
|d WTU
|d INU
|d UtOrBLW
|
| 049 |
|
|
|a TXAM
|
| 050 |
|
4 |
|a PT2667.U84
|b Z655 2017
|
| 072 |
|
7 |
|a PT
|2 lcco
|
| 245 |
0 |
0 |
|a Uwe-Michael Gutzschhahn :
|b Heidelberger Kinderliteraturgespräche 2016 : Oldenburger Poetikvorlesungen 2016 /
|c Mareile Oetken / Karin Vach / Gina Weinkauff (Hg.).
|
| 264 |
|
1 |
|a Muenchen :
|b Kopaed,
|c [2017]
|
| 300 |
|
|
|a 261 pages :
|b illustrations ;
|c 20 cm.
|
| 336 |
|
|
|a text
|b txt
|2 rdacontent
|
| 337 |
|
|
|a unmediated
|b n
|2 rdamedia
|
| 338 |
|
|
|a volume
|b nc
|2 rdacarrier
|
| 490 |
1 |
|
|a Kinder- und Jugendliteratur aktuell ;
|v Band 7
|
| 504 |
|
|
|a Includes bibliographical references.
|
| 600 |
1 |
0 |
|a Gutzschhahn, Uwe-Michael,
|d 1952-
|x Criticism and interpretation
|v Congresses.
|
| 700 |
1 |
|
|a Oetken, Mareile,
|e editor.
|0 http://id.loc.gov/authorities/names/n99024172
|
| 700 |
1 |
|
|a Vach, Karin,
|e editor.
|0 http://id.loc.gov/authorities/names/no2016066248
|
| 700 |
1 |
|
|a Weinkauff, Gina,
|e editor.
|0 http://id.loc.gov/authorities/names/n83062871
|
| 830 |
|
0 |
|a Kinder- und Jugendliteratur aktuell ;
|v Bd. 7.
|0 http://id.loc.gov/authorities/names/no2018004378
|
| 994 |
|
|
|a C0
|b TXA
|
| 948 |
|
|
|a Cataloged
|b h
|c 2018/1/23
|d c
|e LEverett
|f 10:50:28 AM
|
| 999 |
f |
f |
|s 79593ec9-a6cd-3618-8e19-10c673ebe6da
|i 6874e5f4-9a18-342c-99c9-d0bf63cb843d
|t 0
|
| 952 |
f |
f |
|p normal
|a Texas A&M University
|b College Station
|c Sterling C. Evans Library
|d Evans: Library Stacks
|t 0
|e PT2667.U84 Z655 2017
|h Library of Congress classification
|i unmediated -- volume
|m A14850432189
|
| 998 |
f |
f |
|a PT2667.U84 Z655 2017
|t 0
|l Evans: Library Stacks
|